| 000 | 00663nam a22002057a 4500 | ||
|---|---|---|---|
| 999 |
_c47677 _d47677 |
||
| 005 | 20181116151542.0 | ||
| 008 | 100923t xxu||||| |||| 00| 0 eng d | ||
| 010 | _aENG-101545 | ||
| 020 |
_c80.00 _a9789350070116 |
||
| 035 | _aEN-85078 | ||
| 037 | _bDBAD/PUB | ||
| 040 |
_adpl _bEnglish |
||
| 082 | _a510 | ||
| 100 |
_921271 _aSrinavasan, P.K. |
||
| 245 |
_aResource material for mathematics club activities/ _cby P.K. Srinivasan |
||
| 260 |
_aNew Delhi _bNational Council Of Educational Research And Training _c2010 |
||
| 270 |
_aSri Aurobindo Marg, _bNew Delhi _e110016 |
||
| 300 |
_a184p.: _c24cm (pbk) |
||
| 942 |
_2ddc _cEN _mSRI _h510 |
||